| 000 | 00424nam a2200181Ia 4500 | ||
|---|---|---|---|
| 001 | 1334 | ||
| 005 | 20260306143721.0 | ||
| 008 | 260306t1988||||xx |||||||||||||| ||spa|| | ||
| 041 | _aESP | ||
| 082 |
_a194 _bM88 T. 4 |
||
| 100 |
_aMounier, Emmanuel, 1905-1950 _eAUT |
||
| 245 | 0 | _aObras póstumas. Correspondencia | |
| 260 | _c1988 | ||
| 300 |
_a _c22 cm. |
||
| 650 | _aGEN | ||
| 654 | _aCHU | ||
| 942 |
_cLIB _dJUS _fJUS _2ddc _n |
||
| 999 |
_c1334 _d1334 |
||